| 000 | 00504nam a22001817a 4500 | ||
|---|---|---|---|
| 003 | CEME | ||
| 005 | 20210628201830.0 | ||
| 008 | 210222b xxu||||| |||| 00| 0 eng d | ||
| 020 | _a0-07-023901-0 | ||
| 040 | _c. | ||
| 082 | _a519.5 GOR | ||
| 100 |
_aGordon, Sheldon.P Gordon, Florence.S _957014 |
||
| 245 | _aContemporary statistics, a computer approach | ||
| 260 |
_aNEW YROK _bMCGRAW HILL _c1994 |
||
| 300 | _aXV,695P | ||
| 650 |
_aSTATISTICS STATISTICS-DATA PROCESSING _957015 |
||
| 942 |
_cBK _2ddc |
||
| 999 |
_c567328 _d567328 |
||